LEADER 02052nam a2200265 i 4500 001 000000033309 003 CaOOAMICUS 005 20200408102335.0 008 180830s1758 it u000 u lat u 040 $aSeMil$bita 100 1 $aBorromeo, Carlo,$c.$0(OLS)http://semarc/name/3012 245 10$aSancti Caroli Borromei ... Homiliae 126. ex mss. codicibus Bibliothecae Ambrosianae ordine chronologico in lucem productae et Josephi Antonii Saxii ... praefationibus et annotationibus illustratae. 250 $aEditio novissima cui accessit eorum, quae Italicum tantum Idiomate Mediolani typis excusa fuerunt, Versio Latina. 264 1$aAugustae Vindelicorum :$bSumptibus Ignatii Adami & Francisci Antonii Veith,$c1758. 300 $a2 v. ;$cfol. 500 $aFront.i stampati in rosso e nero 500 $aTesto su due colonne 650 4$aBorromeo, Carlo - Scritti, discorsi, omelie, lettere pastorali, etc.$0(OLS)http://semarc/subject/4712 700 1 $aSassi, Giuseppe Antonio,$d<1675-1751>.$0(OLS)http://semarc/name/12368 700 1 $aVeith, Ignatz Adam & Veith, Franz Anton,$c.$0(OLS)http://semarc/name/15268 774 0 $t[1].$w()34806 774 0 $aBorromeo, Carlo $t2: Sancti Caroli Borromei ... Orationes 12. habitae in Conciliis provincialibus & Synodis Dioecesanis ... nec non Sermones 17. familiares ... In fine operis subjiciuntur De vita & rebus gestis S. Caroli Borromei libri 7. ... item De fama, Virtutibus & Miraculis S. Caroli Borromei libri 2. ... denique Laudes a Viris dignitate & doctrina insignibus S. Carolo Borromeo tributae.$w()250611 996 $6245$aSancti Caroli Borromei ... Homiliae 126. ex mss. codicibus Bibliothecae Ambrosianae ordine chronologico in lucem productae et Josephi Antonii Saxii ... praefationibus et annotationibus illustratae$9(OLS)http://semarc/title/45075 996 $6264$aAugustae Vindelicorum :$bSumptibus Ignatii Adami & Francisci Antonii Veith$9(OLS)http://semarc/publisher/39561 LEADER 01058nam a2200265 i 4500 001 000000047991 003 CaOOAMICUS 005 20251010073635.0 008 121107s1857 it u000 u ita u 013 $a19161 040 $aSeMil$bita 100 1 $aNewman, John Henry,$c.$0(OLS)http://semarc/name/1226 240 10$aLoss and gain.$0(OLS)http://semarc/title/232238 245 10$aPerdita e guadagno, ovvero Storia di un convertito /$cdel R. P. Newman. 250 $a2. Ed. 260 $aMilano :$bNatale Battezzati,$c1857. 300 $a378 p. ;$c19 cm. 490 0 $aPoliantea cattolica 650 4$aConversione.$0(OLS)http://semarc/subject/6040 830 0$aPoliantea cattolica.$0(OLS)http://semarc/title/36748 850 $aSeMil 852 $aSeMil$W1$xVenegono$y1$m2D II 51 FA$j14146$B14146$CSeMilBibl$Z2$F14146 $8I 996 $6245$aPerdita e guadagno, ovvero Storia di un convertito$9(OLS)http://semarc/title/72489 996 $6260$aMilano :$bNatale Battezzati$9(OLS)http://semarc/publisher/36514